000 00356nam a2200145Ia 4500
008 230917s9999||||xx |||||||||||||| ||und||
040 _e120823
_aMAIN
041 _aEnglish
082 _a958 H125C
100 _aHaider, Mansura
245 0 _aCentral Asia in the sixteenth century
260 _aDelhi
_bManohar
_c2002
300 _a404p. p.
942 _cBK
999 _c139938
_d139938